[Event "78.Santo Camp. Veneto Quarti di Finale"]
[Site "Padova ITA"]
[Date "2019.02.16"]
[Round "2.27"]
[White "Zotti, Enrico"]
[Black "Scarpa, Silvia"]
[Result "0-1"]
[WhiteElo "1790"]
[BlackElo "2024"]
[Annotator "Gabriele Ballarin"]
[PlyCount "104"]
[EventDate "2019.02.15"]
[EventType "swiss"]
[EventRounds "5"]
[EventCountry "ITA"]

1. Nf3 c5 2. g3 Nc6 3. Bg2 d6 4. d3 g6 5. e4 Bg7 6. Nc3 e5 7. O-O Nge7 8. Be3 O-O 9. Qd2 Nd4 10. Ne1 f5 11. f4 Rb8 12. Nd5 Ndc6 13. c3 b6 14. Kh1 Nxd5 15. exd5 Ne7 16. c4 Ba6 17. Rc1 b5 18. fxe5 Bxe5 19. b3 Bg7 20. Nf3 bxc4 21. dxc4 Kh8 22. Bg5 Qc7 23. Rce1 Ng8 24. Bf4 Bc8 25. Ng5 Rb6 26. Ne6 Bxe6 27. Rxe6 Be5 28. Re1 Bxf4 29. Qxf4 Rf7 30. Qg5 Kg7 31. h4 Nf6 32. h5 Nxh5 33. Re7 h6 34. Rxf7+ Qxf7 35. Qe3 Nf6 36. Qc3 Kg8 37. Re6 Ng4 38. a4 Ne5 39. a5 Ra6 40. b4 cxb4 41. Qxb4 Qc7 42. Qb5 Qxc4 43. Qe8+ Kg7 44. Qe7+ Kg8 45. Qf6 Qc1+ 46. Kh2 Ng4+ 47. Kh3 Nxf6 48. Rxf6 Kg7 49. Re6 Qg5 50. Bf3 Rxa5 51. Rxd6 Ra3 52. Rd7+ Kf8 0-1

[Event "78.Santo Camp. Veneto Quarti di Finale"]
[Site "Padova ITA"]
[Date "2019.02.16"]
[Round "2.28"]
[White "Ongarelli, Marco"]
[Black "Gola, Giorgio"]
[Result "1/2-1/2"]
[WhiteElo "2021"]
[BlackElo "1701"]
[Annotator "Gabriele Ballarin"]
[PlyCount "70"]
[EventDate "2019.02.15"]
[EventType "swiss"]
[EventRounds "5"]
[EventCountry "ITA"]

1. d4 d5 2. Nf3 Nf6 3. e3 Bf5 4. c4 e6 5. Qb3 b6 6. Nc3 Be7 7. Ne5 O-O 8. Be2 h6 9. O-O c6 10. Bd2 Qc7 11. Rac1 Qb7 12. cxd5 exd5 13. Bf3 Rd8 14. a4 Nbd7 15. Nxc6 Qxc6 16. Nxd5 Qe6 17. Nxe7+ Qxe7 18. Bxa8 Rxa8 19. f3 Be6 20. Qd3 Rd8 21. Qe2 Qd6 22. Qb5 Bd5 23. Bb4 Qe6 24. e4 Bb7 25. Rc7 a6 26. Qe2 Nd5 27. Rxb7 Nxb4 28. Rc1 Qd6 29. Qc4 a5 30. b3 Kf8 31. g3 g5 32. Kg2 Kg7 33. Kf2 Kg8 34. Kg2 Kg7 35. Kf2 Kg8 1/2-1/2

[Event "78.Santo Camp. Veneto Quarti di Finale"]
[Site "Padova ITA"]
[Date "2019.02.16"]
[Round "2.29"]
[White "Garau, Francesca"]
[Black "Tramalloni, Luca"]
[Result "0-1"]
[WhiteElo "1772"]
[BlackElo "2018"]
[Annotator "Gabriele Ballarin"]
[PlyCount "60"]
[EventDate "2019.02.15"]
[EventType "swiss"]
[EventRounds "5"]
[EventCountry "ITA"]

1. e4 Nf6 2. e5 Nd5 3. d4 d6 4. Nf3 dxe5 5. Nxe5 c6 6. Bc4 g6 7. Qf3 Be6 8. O-O Bg7 9. Nc3 O-O 10. Ne4 Nc7 11. Bxe6 Nxe6 12. c3 c5 13. d5 Nc7 14. d6 Bxe5 15. dxc7 Qxc7 16. Bh6 Bg7 17. Qh3 Nd7 18. Ng5 Nf6 19. f4 e6 20. Rf3 Rfd8 21. Qh4 Rd2 22. Rh3 Rad8 23. Bxg7 Rd1+ 24. Rxd1 Rxd1+ 25. Kf2 Kxg7 26. Nxh7 Nh5 27. Rf3 Qd6 28. Re3 Kxh7 29. Re5 Qd2+ 30. Kf3 Rf1+ 0-1

[Event "78.Santo Camp. Veneto Quarti di Finale"]
[Site "Padova ITA"]
[Date "2019.02.16"]
[Round "2.30"]
[White "Gaudiosi, Andrea"]
[Black "Bellincampi, Stefano"]
[Result "0-1"]
[WhiteElo "1684"]
[BlackElo "2009"]
[Annotator "Gabriele Ballarin"]
[PlyCount "56"]
[EventDate "2019.02.15"]
[EventType "swiss"]
[EventRounds "5"]
[EventCountry "ITA"]

1. c4 e5 2. Nc3 Bb4 3. a3 Bxc3 4. bxc3 d6 5. d3 Ne7 6. Nf3 O-O 7. e4 Nd7 8. Be2 f5 9. Nd2 Nf6 10. f3 Ng6 11. g3 c6 12. Nf1 Qa5 13. Qb3 Rf7 14. Qb4 Qc7 15. Ne3 Ne7 16. a4 Be6 17. Ba3 c5 18. Qb5 Raf8 19. Bf1 Ne8 20. Bh3 Bd7 21. Qb2 f4 22. Nd5 Nxd5 23. Bxd7 Qxd7 24. cxd5 fxg3 25. hxg3 Rxf3 26. Qe2 Qxa4 27. Bb2 Qb5 28. Rxa7 Rf2 0-1

[Event "78.Santo Camp. Veneto Quarti di Finale"]
[Site "Padova ITA"]
[Date "2019.02.16"]
[Round "2.31"]
[White "Grattarola, Fabioi"]
[Black "Marchioro, Michele"]
[Result "1-0"]
[WhiteElo "2004"]
[BlackElo "1449"]
[Annotator "Gabriele Ballarin"]
[PlyCount "89"]
[EventDate "2019.02.15"]
[EventType "swiss"]
[EventRounds "5"]
[EventCountry "ITA"]

1. d4 Nf6 2. Nf3 g6 3. Nc3 Bg7 4. e4 d6 5. h3 O-O 6. Bd3 c5 7. e5 dxe5 8. dxe5 Nd5 9. Bd2 Nc6 10. Qe2 a6 11. O-O Ndb4 12. Be4 Nxe5 13. Nxe5 Bxe5 14. a3 Nc6 15. Bxc6 bxc6 16. Qxe5 Qxd2 17. Rac1 Qd6 18. Qe3 c4 19. Rcd1 Qf6 20. Rfe1 Be6 21. Rd4 Rfe8 22. Ne4 Qf5 23. g4 Qe5 24. c3 Kg7 25. f4 Qb5 26. Rd2 Rad8 27. Red1 Rd3 28. Rxd3 cxd3 29. b4 Bc4 30. Nc5 Kg8 31. Qd4 Bd5 32. Rxd3 Qc4 33. Qxc4 Bxc4 34. Rd4 Ba2 35. a4 e5 36. Re4 f6 37. fxe5 Bd5 38. Re3 fxe5 39. Nxa6 Kf7 40. Nc5 e4 41. Kf2 Re7 42. Re1 Ke8 43. Ke3 Kd8 44. Kd4 Rf7 45. c4 1-0

[Event "78.Santo Camp. Veneto Quarti di Finale"]
[Site "Padova ITA"]
[Date "2019.02.16"]
[Round "3.1"]
[White "Rossi, Carlo"]
[Black "Basso, Pier Luigi"]
[Result "0-1"]
[WhiteElo "2256"]
[BlackElo "2512"]
[Annotator "Gabriele Ballarin"]
[PlyCount "82"]
[EventDate "2019.02.15"]
[EventType "swiss"]
[EventRounds "5"]
[EventCountry "ITA"]

1. Nf3 d5 2. b3 c6 3. Bb2 Nf6 4. g3 Bf5 5. Bg2 h6 6. d3 e6 7. Nbd2 Be7 8. O-O O-O 9. Ne5 {=} Nbd7 10. e4 Bh7 11. Nxd7 Nxd7 12. f4 dxe4 13. Nxe4 Nf6 14. Qe2 Nxe4 15. dxe4 Qb6+ 16. Kh1 Bc5 17. Rad1 Rfd8 18. f5 Rxd1 19. Qxd1 exf5 20. exf5 Rd8 21. Qg4 Bd4 22. Bc1 Kh8 23. Qh5 Qc7 24. g4 f6 25. h4 Qe7 26. g5 fxg5 27. hxg5 hxg5 28. Bxg5 Bf6 29. Bf4 Qe8 30. Qg4 Rd4 31. Qh3 Qe2 32. Bf3 Qxc2 33. Re1 Rd8 34. Bg4 Qc5 35. Qh5 Kg8 36. Re8+ Rxe8 37. Qxe8+ Qf8 38. Qe6+ Kh8 39. Bd6 Qd8 40. Bc5 b6 41. Be3 Bg8 0-1

[Event "78.Santo Camp. Veneto Quarti di Finale"]
[Site "Padova ITA"]
[Date "2019.02.16"]
[Round "3.2"]
[White "Carlo, Emanuele"]
[Black "Sonis, Francesco"]
[Result "0-1"]
[WhiteElo "2206"]
[BlackElo "2477"]
[Annotator "Gabriele Ballarin"]
[PlyCount "106"]
[EventDate "2019.02.15"]
[EventType "swiss"]
[EventRounds "5"]
[EventCountry "ITA"]

1. e4 c5 2. Nf3 d6 3. d4 cxd4 4. Nxd4 Nf6 5. Nc3 a6 6. Be3 e6 7. f3 Nbd7 8. Qd2 b5 9. O-O-O Bb7 10. g4 Nb6 11. Qf2 Nfd7 12. Nb3 Rc8 13. Kb1 Rxc3 14. bxc3 Na4 15. c4 Nc3+ 16. Kc1 Nxd1 17. Kxd1 bxc4 18. Bxc4 d5 19. exd5 Ne5 20. Bb6 Qd7 21. Be2 Qxd5+ 22. Kc1 Nxg4 23. Qg3 Qe5 24. Qxg4 Qxe2 25. Qg3 Ba3+ 26. Kb1 O-O 27. Bd4 f6 28. Rg1 Rf7 29. Bxf6 Qxf3 30. Qb8+ Bf8 31. Bd4 Be4 32. Qc8 Bf5 33. Qc4 Qf4 34. Qe2 Rc7 35. Rc1 Rb7 36. Be5 Qa4 37. Qe3 Qc6 38. Ka1 Ba3 39. Bb2 Bxb2+ 40. Kxb2 h6 41. Qe5 Kh7 42. c4 Rd7 43. Qa5 Qg2+ 44. Ka3 Qxh2 45. Qxa6 Qb8 46. Kb2 Ra7 47. Qb5 Qh2+ 48. Kc3 Rxa2 49. c5 Qg3+ 50. Kb4 Ra8 51. Rc3 Qc7 52. Qe2 Qa7 53. c6 Qa3+ 0-1

[Event "78.Santo Camp. Veneto Quarti di Finale"]
[Site "Padova ITA"]
[Date "2019.02.16"]
[Round "3.3"]
[White "Gilevych, Artem"]
[Black "Marzocchi, Tommaso"]
[Result "1-0"]
[WhiteElo "2403"]
[BlackElo "2155"]
[Annotator "Gabriele Ballarin"]
[PlyCount "73"]
[EventDate "2019.02.15"]
[EventType "swiss"]
[EventRounds "5"]
[EventCountry "ITA"]

1. d4 d5 2. c4 c6 3. Nc3 Nf6 4. Nf3 e6 5. e3 Nbd7 6. Qc2 Bd6 7. Bd3 dxc4 8. Bxc4 Qe7 9. O-O O-O 10. Bb3 e5 11. h3 a6 12. Rd1 c5 13. Ng5 Nb6 14. dxc5 Bxc5 15. Nce4 Nxe4 16. Nxe4 Bb4 17. a3 Ba5 18. Qc5 Qxc5 19. Nxc5 Rb8 20. e4 Na8 21. Be3 b5 22. Rd5 Bc7 23. Nd7 Bxd7 24. Rxd7 Bb6 25. Bg5 Bd4 26. Be7 Rfc8 27. Bd6 Rb6 28. Rxf7 Kh8 29. Bf8 Rg6 30. h4 h6 31. h5 Rg5 32. Be7 Rg3 33. Be6 Re8 34. Kf1 Bxb2 35. Ra2 Bxa3 36. Bxa3 Rd3 37. Bf5 1-0

[Event "78.Santo Camp. Veneto Quarti di Finale"]
[Site "Padova ITA"]
[Date "2019.02.16"]
[Round "3.4"]
[White "Dvirnyy, Danyyil"]
[Black "Negro, Roberto"]
[Result "1/2-1/2"]
[WhiteElo "2487"]
[BlackElo "2141"]
[Annotator "Gabriele Ballarin"]
[PlyCount "57"]
[EventDate "2019.02.15"]
[EventType "swiss"]
[EventRounds "5"]
[EventCountry "ITA"]

1. d4 g6 2. e4 d6 3. Nc3 c6 4. f4 d5 5. e5 h5 6. Nf3 Bg4 7. h3 Bxf3 8. Qxf3 e6 9. Bd3 h4 10. Be3 Nd7 11. Ne2 Nh6 12. O-O Be7 13. b3 Nf5 14. Bf2 Kf8 15. c4 Kg7 16. a3 a5 17. Rfc1 a4 18. b4 dxc4 19. Bxc4 Nb6 20. Bd3 Qd7 21. Be4 Nd5 22. Rc2 Rhd8 23. Rd1 Qe8 24. Kh2 Rd7 25. Rd3 Qh8 26. Kg1 Qd8 27. Kh2 Qh8 28. Kg1 Qd8 29. Kh2 1/2-1/2

[Event "78.Santo Camp. Veneto Quarti di Finale"]
[Site "Padova ITA"]
[Date "2019.02.16"]
[Round "3.5"]
[White "Fregonese, Giulio"]
[Black "Calavalle, Giulio"]
[Result "0-1"]
[WhiteElo "2095"]
[BlackElo "2274"]
[Annotator "Gabriele Ballarin"]
[PlyCount "68"]
[EventDate "2019.02.15"]
[EventType "swiss"]
[EventRounds "5"]
[EventCountry "ITA"]

1. e4 c5 2. Nc3 d6 3. f4 e6 4. Bb5+ Bd7 5. Bc4 Bc6 6. Qe2 Be7 7. d3 d5 8. exd5 exd5 9. Bb3 b5 10. a4 b4 11. Nd1 Nf6 12. Nf3 O-O 13. O-O Bb7 14. c3 a5 15. Re1 Re8 16. Nf2 Nbd7 17. d4 bxc3 18. bxc3 cxd4 19. Nxd4 Bc5 20. Qd1 Rxe1+ 21. Qxe1 Qb6 22. Qd1 Re8 23. Bb2 Ba6 24. Rb1 Nf8 25. Bc2 Qd6 26. Bd3 Ne4 27. Qc2 Nxf2 28. Bxa6 Nh3+ 29. gxh3 Qg6+ 30. Kf2 Qh6 31. Qf5 Ne6 32. Qxd5 Qh4+ 33. Kg1 Nxf4 34. Rf1 Nxd5 0-1

[Event "78.Santo Camp. Veneto Quarti di Finale"]
[Site "Padova ITA"]
[Date "2019.02.16"]
[Round "3.6"]
[White "Loiacono, Leonardo"]
[Black "Ballotti, Luca"]
[Result "1-0"]
[WhiteElo "2249"]
[BlackElo "2061"]
[Annotator "Gabriele Ballarin"]
[PlyCount "99"]
[EventDate "2019.02.15"]
[EventType "swiss"]
[EventRounds "5"]
[EventCountry "ITA"]

1. Nf3 d5 2. g3 e6 3. Bg2 Nf6 4. O-O c5 5. c4 d4 6. b4 cxb4 7. a3 Nc6 8. d3 bxa3 9. Qa4 Bd7 10. Bxa3 Bxa3 11. Qxa3 Qe7 12. Nbd2 Qxa3 13. Rxa3 O-O 14. Nb3 e5 15. Nc5 b6 16. Nxd7 Nxd7 17. Nd2 Rfc8 18. Ne4 a5 19. f4 Rab8 20. Nd6 Rc7 21. Nb5 Rcc8 22. Bxc6 Rxc6 23. fxe5 Nxe5 24. Nxd4 Rd6 25. Nb5 Rd7 26. Rb1 Nc6 27. Nc3 Nb4 28. Na2 Nxa2 29. Rxa2 Rdb7 30. Rb5 g6 31. Kf2 Kg7 32. c5 bxc5 33. Rxc5 Rb1 34. Kg2 Re1 35. Rcxa5 Rbb1 36. Ra7 Rg1+ 37. Kf3 Rh1 38. e3 Rhf1+ 39. Ke4 Rfe1 40. Rf2 Rb4+ 41. d4 Rb3 42. Rfxf7+ Kh6 43. Rf3 Re2 44. h3 Re1 45. g4 Re2 46. Re7 Ra3 47. Kf4 Ra5 48. h4 g5+ 49. hxg5+ Rxg5 50. Rxh7+ 1-0

[Event "78.Santo Camp. Veneto Quarti di Finale"]
[Site "Padova ITA"]
[Date "2019.02.16"]
[Round "3.7"]
[White "Dionigi, Riccardo"]
[Black "Simonetto, Andrea"]
[Result "0-1"]
[WhiteElo "2063"]
[BlackElo "2222"]
[Annotator "Gabriele Ballarin"]
[PlyCount "82"]
[EventDate "2019.02.15"]
[EventType "swiss"]
[EventRounds "5"]
[EventCountry "ITA"]

1. d4 d5 2. Nf3 Nf6 3. e3 e6 4. Bd3 Be7 5. O-O O-O 6. Nbd2 c5 7. b3 b6 8. Ne5 cxd4 9. exd4 Ba6 10. Qe2 Bxd3 11. Qxd3 Bd6 12. Bb2 Nbd7 13. f4 Qc7 14. c3 Rac8 15. Qe2 Rfe8 16. g4 Nf8 17. g5 N6d7 18. Rf3 Re7 19. Raf1 Rce8 20. Rh3 f6 21. Nxd7 Qxd7 22. Qg2 Kh8 23. c4 Qc7 24. Qg4 e5 25. dxe5 fxe5 26. cxd5 exf4 27. Nf3 Qc5+ 28. Bd4 Qxd5 29. g6 Re6 30. Rh5 Rxg6 31. Qxg6 Qxd4+ 32. Nxd4 Nxg6 33. Kg2 Bc5 34. Rd5 {=} h6 35. Rd1 a5 36. Rd2 Kh7 37. Re2 f3+ 38. Kxf3 Rf8+ 39. Ke4 Nf4 40. Rd2 Nxd5 41. Kxd5 Rd8+ 0-1

[Event "78.Santo Camp. Veneto Quarti di Finale"]
[Site "Padova ITA"]
[Date "2019.02.16"]
[Round "3.8"]
[White "Vancini, Edoardo"]
[Black "Bernardini, Tommaso"]
[Result "1/2-1/2"]
[WhiteElo "2214"]
[BlackElo "2036"]
[Annotator "Gabriele Ballarin"]
[PlyCount "49"]
[EventDate "2019.02.15"]
[EventType "swiss"]
[EventRounds "5"]
[EventCountry "ITA"]

1. d4 e6 2. Nf3 Nf6 3. e3 b6 4. Bd3 Bb7 5. O-O Be7 6. c4 O-O 7. Nc3 d5 8. cxd5 exd5 9. b3 Nbd7 10. Bb2 Ne4 11. Ne2 Bd6 12. Rc1 Re8 13. Ng3 Nxg3 14. hxg3 Nf6 15. Rc2 Ne4 16. Qc1 Qe7 17. Bb5 Rec8 18. Bc6 Bxc6 19. Rxc6 f6 20. Ne1 Qd7 {=} 21. Nd3 Bc5 22. Rxf6 Nxf6 23. dxc5 c6 24. Bxf6 gxf6 25. Qc3 {=} 1/2-1/2

[Event "78.Santo Camp. Veneto Quarti di Finale"]
[Site "Padova ITA"]
[Date "2019.02.16"]
[Round "3.9"]
[White "Tripodi, Enzo"]
[Black "Dobboletta, Alex"]
[Result "0-1"]
[WhiteElo "2002"]
[BlackElo "2171"]
[Annotator "Gabriele Ballarin"]
[PlyCount "76"]
[EventDate "2019.02.15"]
[EventType "swiss"]
[EventRounds "5"]
[EventCountry "ITA"]

1. e4 e6 2. d4 d5 3. Nd2 Be7 4. e5 c5 5. Qg4 Kf8 6. dxc5 Nc6 7. Ngf3 f6 8. Qg3 Bxc5 9. Nb3 Be7 10. Bf4 fxe5 11. Nxe5 Nf6 12. Bd3 Nh5 13. Qf3 Nxf4 14. Qxf4+ Bf6 15. Nxc6 bxc6 16. Qb4+ Qe7 17. Qxe7+ Kxe7 18. c3 a5 19. O-O a4 20. Nd4 c5 21. Nc2 Bd7 22. Rfe1 c4 23. Bf5 Kd6 24. Bg4 a3 25. Nxa3 Rxa3 26. bxa3 Bxc3 27. Rab1 Bxe1 28. Rxe1 d4 29. Re4 Kd5 30. Bf3 Kc5 31. Re5+ Kd6 32. Ra5 d3 33. Kf1 c3 34. Ra6+ Kc5 35. Ra7 c2 36. Rc7+ Kb6 37. Rc3 Rc8 38. Rb3+ Ka5 0-1

[Event "78.Santo Camp. Veneto Quarti di Finale"]
[Site "Padova ITA"]
[Date "2019.02.16"]
[Round "3.10"]
[White "Loiacono, Antonio"]
[Black "Pasin, Mattia"]
[Result "1-0"]
[WhiteElo "2168"]
[BlackElo "1798"]
[Annotator "Gabriele Ballarin"]
[PlyCount "75"]
[EventDate "2019.02.15"]
[EventType "swiss"]
[EventRounds "5"]
[EventCountry "ITA"]

1. Nf3 Nf6 2. b3 d5 3. Bb2 c6 4. g3 Bf5 5. Bg2 e6 6. O-O Nbd7 7. d3 Be7 8. Nbd2 O-O 9. Re1 c5 10. e4 Bg6 11. c4 d4 12. e5 Ne8 13. Qe2 Qc7 14. h3 Kh8 15. Nh2 f6 16. exf6 Nexf6 17. Nhf3 h6 18. Qf1 e5 19. Qe2 Bd6 20. Nh4 Bh7 21. Ne4 Nxe4 22. Bxe4 Nf6 23. Ng6+ Bxg6 24. Bxg6 Nd7 25. Be4 Rf6 26. Qh5 Raf8 27. Re2 Re6 28. Qg4 Ref6 29. Bc1 Be7 30. Bg2 R6f7 31. Bd2 Nf6 32. Qg6 Bd6 33. a3 Re7 34. b4 Rfe8 35. bxc5 Bxc5 36. Bxh6 Re6 37. Bg5 Kg8 38. Bxf6 1-0

[Event "78.Santo Camp. Veneto Quarti di Finale"]
[Site "Padova ITA"]
[Date "2019.02.16"]
[Round "3.11"]
[White "Piccinno, Matteo"]
[Black "Giuriati, Paolo"]
[Result "1/2-1/2"]
[WhiteElo "2001"]
[BlackElo "2055"]
[Annotator "Gabriele Ballarin"]
[PlyCount "54"]
[EventDate "2019.02.15"]
[EventType "swiss"]
[EventRounds "5"]
[EventCountry "ITA"]

1. e4 e6 2. d4 d5 3. Nc3 dxe4 4. Nxe4 Bd7 5. Bd3 Bc6 6. Ne2 Nd7 7. c3 Ngf6 8. N2g3 Be7 9. Qe2 O-O 10. O-O Re8 11. Rd1 Nf8 12. b4 b6 13. b5 Bb7 14. Be3 Qc8 15. c4 c6 16. a4 a6 17. Rac1 axb5 18. cxb5 Qd7 19. Nxf6+ Bxf6 20. Ne4 Be7 21. Qc2 Rec8 22. Qb3 Qd5 23. Qb2 cxb5 24. Rxc8 Rxc8 25. Qxb5 Qxb5 26. axb5 Nd7 27. Rc1 Rxc1+ {=} 1/2-1/2

[Event "78.Santo Camp. Veneto Quarti di Finale"]
[Site "Padova ITA"]
[Date "2019.02.16"]
[Round "3.12"]
[White "Vianello, Enrico"]
[Black "Ghiotto, Marco Luigi"]
[Result "1-0"]
[WhiteElo "2097"]
[BlackElo "1917"]
[Annotator "Gabriele Ballarin"]
[PlyCount "29"]
[EventDate "2019.02.15"]
[EventType "swiss"]
[EventRounds "5"]
[EventCountry "ITA"]

1. Nf3 Nf6 2. c4 e6 3. g3 b6 4. Bg2 Bb7 5. O-O c5 6. Nc3 Nc6 7. b3 Be7 8. Bb2 O-O 9. e3 d5 10. cxd5 Nxd5 11. Nxd5 Qxd5 12. d4 Rfd8 13. Ne5 Qd6 14. Qf3 Na5 15. Qxf7+ 1-0

[Event "78.Santo Camp. Veneto Quarti di Finale"]
[Site "Padova ITA"]
[Date "2019.02.16"]
[Round "3.13"]
[White "Gallana, Marco"]
[Black "Scarpa, Silvia"]
[Result "1/2-1/2"]
[WhiteElo "2267"]
[BlackElo "2024"]
[Annotator "Gabriele Ballarin"]
[PlyCount "115"]
[EventDate "2019.02.15"]
[EventType "swiss"]
[EventRounds "5"]
[EventCountry "ITA"]

1. d4 c5 2. d5 Nf6 3. Nc3 e6 4. e4 d6 5. Nf3 exd5 6. exd5 Be7 7. h3 O-O 8. Bd3 a6 9. a4 b6 10. O-O Re8 11. Ne2 Bb7 12. c4 Nbd7 13. Ng3 Nf8 14. Nf5 Ng6 15. g3 Nd7 16. Bc2 b5 17. axb5 axb5 18. Rxa8 Qxa8 19. b3 Ba6 20. Qd3 bxc4 21. bxc4 Qb8 22. h4 Qb4 23. Ne3 h6 24. Bd2 Qb6 25. Nf5 Bf6 26. Rb1 Qc7 27. Ne3 Nde5 28. Nxe5 Bxe5 29. h5 Nf8 30. Ng4 Bc8 31. Nxe5 Rxe5 32. Qf3 Qd7 33. Bc3 Rg5 34. Rb6 Qe7 35. Qe4 Qd8 36. Rb8 Qc7 37. Rb2 Qd8 38. Bd1 Nd7 39. Qh4 Qe8 40. Re2 Ne5 41. Re1 Qd7 42. f4 Rg4 43. Bxg4 Nxg4 44. Qe7 Qf5 45. Qd8+ Kh7 46. Re8 Qxh5 47. Qh4 Qf5 48. Qe7 Qh5 49. Qh4 Qf5 50. Qe7 Qh5 51. Rh8+ Kg6 52. Qe4+ Bf5 53. Qh1 Nh2 54. Qxh2 Qd1+ 55. Kf2 Qc2+ 56. Kg1 Qd1+ 57. Kf2 Qc2+ 58. Kg1 1/2-1/2

[Event "78.Santo Camp. Veneto Quarti di Finale"]
[Site "Padova ITA"]
[Date "2019.02.16"]
[Round "3.14"]
[White "Bergamasco, Tommaso"]
[Black "Tramalloni, Luca"]
[Result "1-0"]
[WhiteElo "2162"]
[BlackElo "2018"]
[Annotator "Gabriele Ballarin"]
[PlyCount "43"]
[EventDate "2019.02.15"]
[EventType "swiss"]
[EventRounds "5"]
[EventCountry "ITA"]

1. d4 e6 2. Nf3 f5 3. h3 Nf6 4. g4 Be7 5. c4 c6 6. gxf5 exf5 7. d5 cxd5 8. cxd5 Qa5+ 9. Bd2 Bb4 10. Nc3 Ne4 11. Rc1 O-O 12. Rg1 Qb6 13. Be3 Nxc3 14. Rxc3 Qd6 15. Qd4 g6 16. Bh6 Rf7 17. Ng5 Re7 18. Bf8 Bxc3+ 19. Qxc3 Rxe2+ 20. Bxe2 Qxf8 21. d6 b5 22. Bf3 1-0

[Event "78.Santo Camp. Veneto Quarti di Finale"]
[Site "Padova ITA"]
[Date "2019.02.16"]
[Round "3.15"]
[White "Cappelletto, Joshuaede"]
[Black "Pozzari, Simone"]
[Result "1-0"]
[WhiteElo "2105"]
[BlackElo "2017"]
[Annotator "Gabriele Ballarin"]
[PlyCount "71"]
[EventDate "2019.02.15"]
[EventType "swiss"]
[EventRounds "5"]
[EventCountry "ITA"]

1. e4 Nf6 2. Nc3 d5 3. e5 Nfd7 4. d4 e6 5. f4 c5 6. Nf3 Nc6 7. Be3 a6 8. Qd2 b5 9. a3 c4 10. Be2 h5 11. O-O Ne7 12. Bf2 Nf5 13. Nd1 Be7 14. Ne3 Nh6 15. Qe1 Nb8 16. a4 b4 17. Bh4 Nc6 18. Bxe7 Qxe7 19. Rd1 g6 20. Ng5 Qa7 21. c3 bxc3 22. bxc3 Na5 23. Bf3 Bb7 24. f5 Nxf5 25. Nxf5 gxf5 26. Qe2 Rg8 27. h4 Ke7 28. Bxh5 Rg7 29. Qa2 Kf8 30. Qa3+ Kg8 31. Qe7 Bc6 32. Qf6 Re8 33. Rf3 Qe7 34. Qh6 Qf8 35. Rg3 Re7 36. Nh7 1-0

[Event "78.Santo Camp. Veneto Quarti di Finale"]
[Site "Padova ITA"]
[Date "2019.02.16"]
[Round "3.16"]
[White "Granaldi, Alessandro"]
[Black "Bellincampi, Stefano"]
[Result "1-0"]
[WhiteElo "2087"]
[BlackElo "2009"]
[Annotator "Gabriele Ballarin"]
[PlyCount "55"]
[EventDate "2019.02.15"]
[EventType "swiss"]
[EventRounds "5"]
[EventCountry "ITA"]

1. d4 d5 2. c4 e6 3. Nc3 a6 4. cxd5 exd5 5. Bf4 Nf6 6. e3 Bd6 7. Bg5 Be6 8. Bd3 O-O 9. Qc2 h6 10. Bh4 c6 11. Nge2 Re8 12. O-O-O b5 13. Kb1 Nbd7 14. f3 c5 15. dxc5 Bxc5 16. Nd4 Qb6 17. Nxe6 Rxe6 18. Bf5 Bxe3 19. Bxe6 fxe6 20. Rhe1 d4 21. Bxf6 Nxf6 22. Qd3 Bf2 23. Ne4 Nxe4 24. Qxe4 Re8 25. Qg6 Qc6 26. Re5 Be3 27. g3 Re7 28. Rxe3 1-0

[Event "78.Santo Camp. Veneto Quarti di Finale"]
[Site "Padova ITA"]
[Date "2019.02.16"]
[Round "3.17"]
[White "Marasà, Giuseppe"]
[Black "Grandesso, Emanuele"]
[Result "0-1"]
[WhiteElo "1975"]
[BlackElo "2076"]
[Annotator "Gabriele Ballarin"]
[PlyCount "70"]
[EventDate "2019.02.15"]
[EventType "swiss"]
[EventRounds "5"]
[EventCountry "ITA"]

1. d4 d5 2. c4 dxc4 3. e3 Nf6 4. Bxc4 e6 5. Nf3 Be7 6. O-O O-O 7. Qe2 b6 8. a3 Bb7 9. Nbd2 Nbd7 10. b3 c5 11. Bb2 a6 12. Rac1 b5 13. Bd3 cxd4 14. Nxd4 Nc5 15. Bc2 Qd5 16. N4f3 Qh5 17. b4 Nce4 18. Bxe4 Nxe4 19. Rc7 Nxd2 20. Rxb7 Nxf1 21. Kxf1 Rfe8 22. Qd3 Bf8 23. Rd7 Qg6 24. e4 f6 25. Qd4 Rac8 26. Nd2 Qg4 27. f3 Qh4 28. h3 a5 29. Bc3 axb4 30. axb4 Rc6 31. Rb7 Rd6 32. Qe3 Red8 33. Rc7 Rd3 34. Qe2 Qf4 35. Ke1 Qxc7 0-1

[Event "78.Santo Camp. Veneto Quarti di Finale"]
[Site "Padova ITA"]
[Date "2019.02.16"]
[Round "3.18"]
[White "Pacini, Ermanno"]
[Black "Grattarola, Fabioi"]
[Result "1-0"]
[WhiteElo "2060"]
[BlackElo "2004"]
[Annotator "Gabriele Ballarin"]
[PlyCount "61"]
[EventDate "2019.02.15"]
[EventType "swiss"]
[EventRounds "5"]
[EventCountry "ITA"]

1. c4 e6 2. Nc3 Nf6 3. e4 Bb4 4. e5 Bxc3 5. bxc3 Ng8 6. Qg4 g6 7. d4 d5 8. Bg5 Qd7 9. Nf3 b6 10. h4 Bb7 11. h5 Ne7 12. hxg6 Nxg6 13. Bf6 Rg8 14. Rxh7 dxc4 15. Nh4 Qc6 16. Nxg6 Qe4+ 17. Be2 Nd7 18. Qxe4 Bxe4 19. Rh8 Nxf6 20. exf6 Rxh8 21. Nxh8 Bxg2 22. Kd2 Bd5 23. Rg1 Kf8 24. Rg7 e5 25. dxe5 Rd8 26. Ke3 c5 27. f4 Be6 28. f5 Bxf5 29. Nxf7 Re8 30. Kf4 Bd3 31. Bg4 1-0

[Event "78.Santo Camp. Veneto Quarti di Finale"]
[Site "Padova ITA"]
[Date "2019.02.16"]
[Round "3.19"]
[White "Desideri, Leonardo"]
[Black "Ridolfo, Enrico"]
[Result "0-1"]
[WhiteElo "1786"]
[BlackElo "2055"]
[Annotator "Gabriele Ballarin"]
[PlyCount "130"]
[EventDate "2019.02.15"]
[EventType "swiss"]
[EventRounds "5"]
[EventCountry "ITA"]

1. b4 e5 2. Bb2 d6 3. g3 Nf6 4. Bg2 Be7 5. d3 O-O 6. Nf3 Bd7 7. O-O a5 8. bxa5 Rxa5 9. Qd2 Ra8 10. c4 Bc6 11. Nc3 Nbd7 12. Nh4 Bxg2 13. Nxg2 Nb6 14. e4 Qd7 15. Ne3 g6 16. Qe2 Qh3 17. Qf3 Nh5 18. Qg2 Qd7 19. Ned5 Nxd5 20. Nxd5 Bd8 21. g4 Ng7 22. h3 c6 23. Ne3 Ne6 24. Rfd1 Bb6 25. a3 Qe7 26. Qh2 Qf6 27. Rd2 Qf3 28. Qg2 Ng5 29. Rf1 Nxh3+ 30. Kh2 Ng5 31. Rdd1 Qf4+ 32. Qg3 Nf3+ 33. Kg2 Qxg3+ 34. Kxg3 Nd4 35. Bxd4 Bxd4 36. Nc2 Bc5 37. Rb1 Ra7 38. Rh1 f5 39. f3 fxg4 40. Kxg4 Rf4+ 41. Kg3 Bxa3 42. Nxa3 Rxa3 43. Rxb7 Rxd3 44. Rhxh7 Rdxf3+ 45. Kg2 Rf7 46. Rhxf7 Rxf7 47. Rb6 Rc7 48. Rb8+ Kf7 49. Rd8 Ke6 50. Rg8 Rf7 51. Rxg6+ Kd7 52. Rg3 Rf4 53. Rg7+ Kc8 54. c5 dxc5 55. Re7 Rxe4 56. Kf3 Re1 57. Kf2 Kd8 58. Rh7 Rd1 59. Ke3 Rd5 60. Ke4 c4 61. Rh2 Kc7 62. Rc2 Rc5 63. Rc1 c3 64. Kd3 c2 65. Ke4 Kb6 0-1

[Event "78.Santo Camp. Veneto Quarti di Finale"]
[Site "Padova ITA"]
[Date "2019.02.16"]
[Round "3.20"]
[White "Stiz, Massimiliano"]
[Black "Giordani, Luca"]
[Result "1/2-1/2"]
[WhiteElo "2055"]
[BlackElo "1847"]
[Annotator "Gabriele Ballarin"]
[PlyCount "43"]
[EventDate "2019.02.15"]
[EventType "swiss"]
[EventRounds "5"]
[EventCountry "ITA"]

1. b3 Nf6 2. Bb2 e6 3. Nf3 d5 4. e3 c5 5. Bb5+ Bd7 6. a4 a6 7. Bxd7+ Nbxd7 8. O-O Bd6 9. d3 Qc7 10. Nbd2 O-O 11. Qe2 b5 12. c4 Rab8 13. Rfc1 dxc4 14. dxc4 b4 15. e4 Ng4 16. h3 Nge5 17. Rd1 Rbd8 18. Rac1 Nc6 19. Nf1 Nde5 20. Ne3 Nxf3+ 21. Qxf3 Be5 22. Bxe5 1/2-1/2